000 00813nam a22002657a 4500
001 7952
003 FISKH
005 20250814152530.0
008 250814b cb ||||| |||| 00| 0 eng d
020 _a805219070352
040 _aFISKH
_beng
_cFISKH
_dFISKH
050 _aPZ7.C77
082 _a513.211
100 _aAnonymous
245 _aBig bird's guessing game about shapes /
260 _aAshland :
_bBendon Publishing,
_c2006.
300 _a10 unnumbered pages :
_bcolor illustrations ;
_c25 cm
505 _aG
520 _aThis is one in a series of 4 great first board books for very young children, featuring favorite Sesame Street characters.
521 8 _a380
_bLexile estimate
521 8 _aG
_bRaz-Plus
650 _aShapes
_vBoard Book
942 _2ddc
_cBK
_n0
999 _c7952
_d7952